000 00293nam a2200121Ia 4500
008 191201s2002 xx 000 0 und d
100 _aLUNDIN, Stephen C
245 0 _aFish Tales
260 _aN.Delhi
_bHodder Mobius London
_c2002
300 _a176
650 _aGeneral Books
942 _2ddc
_cBK
999 _c1556
_d1556